000 00570nam a2200157 i 4500
001 bg
245 0 _aClimate of the cultivated field :
_btransactions from the Symposium in Lublin, September 17-20, 1985.
_nP. 2,
_pAgrometeorolgy and phytoactionometry.
260 _aLublin :
_bInstytut Agrofizyki,
_c198?.
490 1 _aZeszyty Problemowe Postępów Nauk Rolniczych ;
_vz.369
830 _aZeszyty Problemowe Postępów Nauk Rolniczych ;
040 _cBPK
041 _apol
080 _a631.4:551.5](061.3)
942 _cKS
008 s pl f |000 0 pol
999 _c28811
_d28811
856 _uhttp://koha.tu.koszalin.pl/cgi-bin/koha/opac-detail.pl?biblionumber=28811
_yKatalog online BPK